Experiments in Film and Philosophy (Record no. 40394)

MARC details
000 -LEADER
fixed length control field 00431nam a2200181Ia 4500
020 ## - INTERNATIONAL STANDARD BOOK NUMBER
ISBN 9781032075815
050 ## - CALL MARK
Classification number PN 1995 .P44 .F35/
100 ## - STATEMENT OF RESPONSIBILITY--MAIN AUTHOR NAME
Personal name Falzon, Christopher
245 #0 - TITLE STATEMENT
Title Experiments in Film and Philosophy
260 ## - PUBLICATION, DISTRIBUTION, ETC. (IMPRINT)
Place of publication New York
260 ## - PUBLICATION, DISTRIBUTION, ETC. (IMPRINT)
Name of publisher Routledge
260 ## - PUBLICATION, DISTRIBUTION, ETC. (IMPRINT)
Year of publication 2024
300 ## - PHYSICAL DESCRIPTION
Number of Pages vi, 137p.
650 ## - SUBJECT ADDED ENTRY--TOPICAL TERM
Topical Term New York
942 ## - ADDED ENTRY ELEMENTS (KOHA)
Koha item type Books
Holdings
Withdrawn status Lost status Source of classification or shelving scheme Damaged status Not for loan Permanent Location Current Location Shelving location Date acquired Accession Number Price effective from Koha item type
    Library of Congress Classification     NILE UNIVERSITY OF NIGERIA - MAIN LIBRARY NILE UNIVERSITY OF NIGERIA - MAIN LIBRARY Items on shelf 06/03/2025 0198121 06/03/2025 Books